书目信息 |
| 题名: |
中国海洋浮游生物图谱
|
|
| 作者: | 束蕴芳 主编 | |
| 分册: | ||
| 出版信息: | 北京 海洋出版社 1993 |
|
| 页数: | 224页 | |
| 开本: | 26cm | |
| 丛书名: | ||
| 单 册: | ||
| 中图分类: | Q178.53 | |
| 科图分类: | ||
| 主题词: | 水生生物学 | |
| 电子资源: | ||
| ISBN: | 7-5027-2962-3 | |
| 000 | 00574nam0 2200193 450 | |
| 001 | 0732496452 | |
| 005 | 20070725102531.15 | |
| 010 | @a7-5027-2962-3@dCNY12.50 | |
| 100 | @a20070722d1993 km y0chiy0120 ea | |
| 101 | 0 | @achi |
| 102 | @aCN@b110000 | |
| 200 | 1 | @a中国海洋浮游生物图谱@Azhong guo hai yang fu you sheng wu tu pu@f束蕴芳等主编@Fshu yun fang deng zhu bian |
| 210 | @a北京@c海洋出版社@d1993 | |
| 215 | @a224页@d26cm | |
| 606 | 0 | @a水生生物学 |
| 690 | @aQ178.53@v3 | |
| 701 | 0 | @a束蕴芳@Ashu yun fang@4主编 |
| 801 | 0 | @aCN@bPFT@c20070725 |
| 905 | @a10447@dQ178.53@e133 | |
| 中国海洋浮游生物图谱/束蕴芳等主编.-北京:海洋出版社,1993 |
| 224页;26cm |
| ISBN 7-5027-2962-3:CNY12.50 |
| ● |
| 相关链接 |
|
|
|
|
正题名:中国海洋浮游生物图谱
索取号:Q178.53/133
 
预约/预借
| 序号 | 登录号 | 条形码 | 馆藏地/架位号 | 状态 | 备注 |
| 1 | 0770233 | 207702333 | 第二样本阅览室/ [索取号:Q178.53/133] | 在馆 |